|
|
|
|
| LEADER |
00000nbm0a2200000 4500 |
| 001 |
312265 |
| 005 |
20231102002452.0 |
| 035 |
|
|
|a (RuTPU)RU\TPU\book\337633
|
| 035 |
|
|
|a RU\TPU\book\337632
|
| 090 |
|
|
|a 312265
|
| 100 |
|
|
|a 20151218j20151215k y0rusy50 ca
|
| 101 |
0 |
|
|a rus
|
| 102 |
|
|
|a RU
|
| 105 |
|
|
|a a m 001zy
|
| 200 |
1 |
|
|a Динамические методы и средства контроля механических параметров двигателей вращательного действия и приводов на их основе
|e диссертация на соискание ученой степени доктора технических наук
|e спец. 05.11.13
|f А. В. Егоров
|g Поволжский государственный технологический университет (ПГТУ) ; Национальный исследовательский Томский политехнический университет (ТПУ) ; науч. конс. Ю. Н. Безбородов
|
| 210 |
|
|
|a Томск
|c [Б. и.]
|d 2015
|
| 215 |
|
|
|a 229 л.
|c ил.
|
| 300 |
|
|
|a Защищена 15.12.2015 г.
|
| 320 |
|
|
|a Библиогр.: с. 205-225 (202 назв.).
|
| 452 |
|
1 |
|0 (RuTPU)RU\TPU\book\343974
|t Динамические методы и средства контроля механических параметров двигателей вращательного действия и приводов на их основе
|o диссертация на соискание ученой степени доктора технических наук
|o спец. 05.11.13
|f А. В. Егоров
|g Поволжский государственный технологический университет (ПГТУ) ; науч. конс. Ю. Н. Безбородов
|c Томск
|c Йошкар-Ола
|n [Б. и.]
|d 2015
|a Егоров, Алексей Васильевич
|
| 606 |
1 |
|
|a Опорно-подвижные механизмы
|2 stltpush
|3 (RuTPU)RU\TPU\subj\47073
|9 66140
|
| 610 |
1 |
|
|a поршневые двигатели внутреннего сгорания
|
| 610 |
1 |
|
|a двигатели вращательного действия
|
| 610 |
1 |
|
|a асинхронные электродвигатели
|
| 610 |
1 |
|
|a механические параметры
|
| 610 |
1 |
|
|a контроль
|
| 610 |
1 |
|
|a динамические методы
|
| 610 |
1 |
|
|a механические передачи вращательного действия
|
| 610 |
1 |
|
|a приводы
|
| 610 |
1 |
|
|a информационно-измерительные комплексы
|
| 610 |
1 |
|
|a диссертации
|
| 610 |
1 |
|
|a труды учёных ТПУ
|
| 675 |
|
|
|a 621.83(04)
|v 3
|
| 686 |
|
|
|a 05.11.13
|2 oksvnk
|
| 700 |
|
1 |
|a Егоров
|b А. В.
|c специалист в области неразрушающего контроля
|c заведующий лабораторией Томского политехнического университета, кандидат технических наук
|g Алексей Васильевич
|2 stltpush
|3 (RuTPU)RU\TPU\pers\35127
|
| 702 |
|
1 |
|a Безбородов
|b Ю. Н.
|g Юрий Николаевич
|4 695
|
| 712 |
0 |
2 |
|a Поволжский государственный технологический университет (ПГТУ)
|c (Йошкар-Ола)
|c (2012- )
|2 stltpush
|3 (RuTPU)RU\TPU\col\18477
|
| 712 |
0 |
2 |
|a Национальный исследовательский Томский политехнический университет (ТПУ)
|c (2009- )
|2 stltpush
|3 (RuTPU)RU\TPU\col\15902
|
| 801 |
|
1 |
|a RU
|b 63413507
|c 20151218
|
| 801 |
|
2 |
|a RU
|b 63413507
|c 20160427
|g RCR
|
| 942 |
|
|
|c BK
|